| 000 | 00742nam a2200217 u 4500 | ||
|---|---|---|---|
| 005 | 20240315063702.0 | ||
| 008 | 160210s2007 mx r 000 0 spa d | ||
| 020 | _a9685389365 | ||
| 035 | _aUPN01000208112 | ||
| 049 | _aI | ||
| 050 | 4 |
_aQH541.14 _bM6.3 |
|
| 100 | 1 |
_aMöller, Anne _938425 |
|
| 245 | 1 | 0 |
_aConstruir nidos, cavar agujeros : _bcómo protegen los insectos a sus crías / _cAnne Möller ; tr. de Diego Sandoval Espinoza. |
| 260 |
_aMéxico : _bEl Naranjo, _c2007. |
||
| 300 |
_a[28] p. : _bil. col. |
||
| 440 | 0 | _aBicherío | |
| 534 |
_pTítulo original : _tNester bauen, höhlen kanabbern |
||
| 650 | 4 |
_aHábitat (Ecología) _vLiteratura infantil _95266 |
|
| 650 | 0 |
_aAnimales _vCuentos y leyendas _9234 |
|
| 905 | _aInfantil | ||
| 999 |
_c180213 _d180213 |
||